Statistics for Countries of the World: 10 Largest Alphabet Gaps

Click here to take the quiz!

General Stats

  • This quiz has been taken 31 times
  • The average score is 12 of 20

Answer Stats

FROM… % Correct
Yemen
89%
Zambia
86%
Vietnam
75%
Oman
75%
Qatar
75%
Japan
68%
Jordan
61%
Pakistan
61%
Kazakhstan
57%
Republic of the Congo
54%
Norway
46%
Haiti
39%
Honduras
36%
Dominican Republic
32%
East Timor
29%
Luxembourg
25%
Lithuania
18%

Score Distribution

Percentile by Number Answered

Percent of People with Each Score

Your Score History

You have not taken this quiz